000 00266nam a2200109Ia 4500
008 220204s9999 xx 000 0 und d
082 _a82-3
_bASI
100 _aAsimov, Isaac
245 4 _aThe Left hand of the electron
260 _aHerts
_bPanther
_c1976
942 _cBK
999 _c27191
_d27191